Assessment in higher education : a study of assessment practices in professional courses /
Saved in:
| Main Author: | |
|---|---|
| Format: | Thesis Book |
| Language: | English |
| Published: |
1999.
|
| Subjects: | |
| Tags: |
Add Tag
No Tags, Be the first to tag this record!
|
| LEADER | 00884cam a2200241 a 4500 | ||
|---|---|---|---|
| 001 | u485461 | ||
| 003 | SIRSI | ||
| 008 | 970729s1999 v 00 1 eng | ||
| 035 | |a ACQ-1888 | ||
| 040 | |a UMM | ||
| 043 | |a a-my--- | ||
| 090 | |a LB2322.2 |b Jamt | ||
| 100 | 0 | 0 | |a Jamaludin Tubah. |
| 245 | 1 | 0 | |a Assessment in higher education : |b a study of assessment practices in professional courses / |c Jamaludin b. Tubah. |
| 260 | |c 1999. | ||
| 300 | |a 247 leaves [append.]: |b ill. ; |c 29 cm. | ||
| 502 | |a Thesis (Ph.D.) -- University of London. | ||
| 504 | |a Bibliography : leaves 234-247 | ||
| 650 | 0 | |a Education, Higher |x Aims and objectives |x Evaluation | |
| 650 | 0 | |a Educational evaluation |z Malaysia | |
| 948 | |a 19/07/2001 |b 17/06/2002 | ||
| 596 | |a 1 | ||
| 999 | |a LB2322.2 JAMT |w LC |c 1 |i A510354897 |d 8/5/2002 |l STACKS |m P01UTAMA |n 4 |r Y |s Y |t TESIS |u 7/9/2001 |o .STAFF. .COMMENT. BSM untuk pindaan - NHS 16/5/02 | ||
